00326 a2200133 450000100060000002000180000604000220002410000200004624000280006624500230009430000070011736200090012465000590013361257 a9783126762311 cAnchieta - Pituba aHohmann, Sandra10aEinfach schreiben!lpor10aEinfach schreiben! a640 a2011 4aLínguas germânicas (teutônicas) língua alemã